000 00256nam a2200121Ia 4500
003 OSt
005 20240224130542.0
040 _cLCC
050 _aG 155.9 .S65 2010
100 _aSMITH,MELANIE
245 0 _aKEY CONCEPTS IN TOURISM STUDIES
942 _cBK
_2lcc
999 _c71045
_d71045